Discovering the alien : a workbook in cultural anthropology

Αποθηκεύτηκε σε:
Λεπτομέρειες βιβλιογραφικής εγγραφής
Άλλοι συγγραφείς: Bohannan, Paul (Επιμελητής έκδοσης)
Μορφή: Βιβλίο
Γλώσσα:English
Δημοσίευση: Illinois : Waveland, 1992.
Θέματα:
Ετικέτες: Προσθήκη ετικέτας
Δεν υπάρχουν, Καταχωρήστε ετικέτα πρώτοι!

MARC

LEADER 00000cam a2200000 i 4500
001 1/10075
008 970516s1992 eng d
020 |a 0-88133-679-3 
035 |l 10017721 
040 |a GR-MY-UA  |b gre  |e aacr 
041 0 |a eng 
082 0 |a 306 
245 1 0 |a Discovering the alien :   |b a workbook in cultural anthropology /   |c edited by Paul Bohannan.  
260 |a Illinois :   |b Waveland,   |c 1992.  
300 |a 150 σ.  
650 0 0 |a Ethnology. 
700 1 |a Bohannan, Paul,  |e edt 
852 |a INST  |b LESVOS  |e 19970516  |h 306 DIS  |p 005100011281  |q 005100011281  |t BK  |y 0 
909 |a Λ  |b 050129 
922 |a 1ΕΛΗ  |b 199705  |c ΜΠΑΚΑΛΑΚΗ